书目信息 |
| 题名: |
低碳环境
|
|
| 作者: | 徐帮学 册主编 | |
| 分册: | ||
| 出版信息: | 天津 天津人民出版社 2013.09 |
|
| 页数: | 196页 | |
| 开本: | 23cm | |
| 丛书名: | 巅峰阅读文库 | |
| 单 册: | ||
| 中图分类: | TK018-49 | |
| 科图分类: | ||
| 主题词: | 节能--青年读物 , 节能 | |
| 电子资源: | ||
| ISBN: | 978-7-201-08330-8 | |
| 000 | 01024oam2 2200289 450 | |
| 001 | 006384156 | |
| 005 | 20140611150630.23 | |
| 010 | @a978-7-201-08330-8@dCNY25.80 | |
| 100 | @a20131213d2013 em y0chiy0110 ea | |
| 101 | 0 | @achi |
| 102 | @aCN@b120000 | |
| 105 | @aa z 000yy | |
| 106 | @ar | |
| 200 | 1 | @a低碳环境@9di tan huan jing@e打造属于我们的地球氧吧@e典藏版@f徐帮学本册主编 |
| 210 | @a天津@c天津人民出版社@d2013.09 | |
| 215 | @a196页@c图@d23cm | |
| 225 | 2 | @a巅峰阅读文库@i低碳科普馆 |
| 330 | @a本书内容包括:环境问题,地球的切肤之痛;昨天的美丽,今日的危机;地球在呼唤低碳;学会减碳,打造地球大氧吧;做一个绿色环保卫士;低碳示范:先行的氧吧生活等。 | |
| 333 | @a一般读者 | |
| 462 | 0 | @12001 @a低碳科普馆@1701 0@a田永@4主编 |
| 517 | 1 | @a打造属于我们的地球氧吧@9da zao shu yu wo men de di qiu yang ba |
| 606 | 0 | @a节能@j青年读物 |
| 606 | 0 | @a节能 |
| 690 | @aTK018-49@v5 | |
| 701 | 0 | @a徐帮学@9xu bang xue@f(1979-)@4册主编 |
| 801 | 0 | @aCN@b人天书店@c20131213 |
| 905 | @b845586-88@dTK018-49@e122@f3 | |
| 低碳环境:打造属于我们的地球氧吧:典藏版/徐帮学本册主编.-天津:天津人民出版社,2013.09 |
| 196页:图;23cm.-(巅峰阅读文库.低碳科普馆) |
| 使用对象:一般读者 |
| ISBN 978-7-201-08330-8:CNY25.80 |
| 本书内容包括:环境问题,地球的切肤之痛;昨天的美丽,今日的危机;地球在呼唤低碳;学会减碳,打造地球大氧吧;做一个绿色环保卫士;低碳示范:先行的氧吧生活等。 |
| ● |
| 相关链接 |
|
|
|
|
正题名:低碳环境
索取号:TK018-49/122
 
预约/预借
| 序号 | 登录号 | 条形码 | 馆藏地/架位号 | 状态 | 备注 |
| 1 | 845586 | 208455866 | 第二样本阅览室/ [索取号:TK018-49/122] | 在馆 | |
| 2 | 845587 | 208455875 | 第三借阅区/ [索取号:TK018-49/122] | 在馆 | |
| 3 | 845588 | 208455884 | 密集书库-资源管理系/ [索取号:TK018-49/122] | 在馆 |